[Event "SLO-chT 16th"]
[Site "Ljubljana"]
[Date "2006.07.06"]
[Round "5"]
[White "Kersic, Matej"]
[Black "Aleksandrov, Matej"]
[Result "1-0"]
[WhiteElo "2149"]
[BlackElo "1928"]
[PlyCount "61"]
[EventDate "2006.07.03"]
[EventType "team-tourn"]
[EventRounds "9"]
[EventCountry "SLO"]
[SourceTitle "EXT 2008"]
[Source "ChessBase"]
[SourceDate "2007.11.25"]
[SourceVersion "1"]
[SourceVersionDate "2007.11.25"]
[SourceQuality "1"]

1. e4 c6 2. d4 d5 3. e5 c5 4. c3 Nc6 5. Nf3 Bg4 6. Be2 e6 7. 0-0 Bxf3 8. Bxf3 cxd4 9. cxd4 Qb6 10. Be3 Qxb2 11. Nd2 Bb4 12. Nb3 Qa3 13. Be2 a6 14. Bc1 Qa4 15. a3 Bc3 16. Rb1 Bxd4 17. Nxd4 Qxd4 18. Rxb7 Qxd1 19. Bxd1 Nge7 20. Ba4 0-0 21. Bg5 f6 22. Bh4 Ra7 23. Rfb1 g5 24. exf6 Rxf6 25. Bxg5 Rf7 26. Rxa7 Nxa7 27. Bd7 Kg7 28. Bxe6 Nb5 29. Bxf7 Kxf7 30. a4 Na7 31. Bxe7 1-0

[Event "SLO-ch U14"]
[Site "Murska Sobota"]
[Date "2006.03.01"]
[Round "5"]
[White "Aleksandrov, Matej"]
[Black "Kavcic, Janez"]
[Result "1/2-1/2"]
[WhiteElo "1928"]
[BlackElo "1904"]
[PlyCount "133"]
[EventDate "2006.02.26"]
[EventType "swiss"]
[EventRounds "9"]
[EventCountry "SLO"]
[SourceTitle "EXT 2009"]
[Source "ChessBase"]
[SourceDate "2008.11.26"]
[SourceVersion "1"]
[SourceVersionDate "2008.11.26"]
[SourceQuality "1"]

1. e4 c5 2. d4 cxd4 3. c3 dxc3 4. Nxc3 Nc6 5. Nf3 d6 6. Bc4 e6 7. 0-0 Be7 8. Qe2 a6 9. Rd1 Qc7 10. Be3 Nf6 11. Rac1 0-0 12. Bb3 Qb8 13. Na4 Nd7 14. Ng5 Na5 15. Qh5 Nf6 16. Qf3 Nxb3 17. axb3 a5 18. Bb6 h6 19. Nh3 Bd8 20. Qc3 Nxe4 21. Qc2 Nf6 22. Bxd8 Rxd8 23. Nb6 Nd5 24. Nxa8 Qxa8 25. Qd2 b6 26. Nf4 Bb7 27. f3 b5 28. Nxd5 Bxd5 29. Qe3 Qb7 30. Rc2 Rc8 31. Rdc1 Rxc2 32. Rxc2 a4 33. bxa4 bxa4 34. Qc3 Qb6+ 35. Kh1 Bb3 36. Rc1 d5 37. h3 Qa6 38. Qc5 Qe2 39. Qc8+ Kh7 40. Qc3 Bc4 41. Re1 Qd3 42. Ra1 Qxc3 43. bxc3 Bb3 44. Kg1 h5 45. f4 h4 46. Kf2 Kg6 47. Kf3 Kf5 48. Ra3 g5 49. fxg5 Kxg5 50. g4 hxg3 51. Kxg3 e5 52. h4+ Kh5 53. Ra1 f6 54. Rf1 a3 55. Rxf6 a2 56. Ra6 e4 57. Ra8 Bc4 58. Kf4 Kg6 59. Ra7 Kh5 60. Ra8 e3 61. Kxe3 Kxh4 62. Kf4 Kh5 63. Ra7 Kg6 64. Ke3 Kf5 65. Kd2 Ke4 66. Kc2 Ke3 67. Kb2 1/2-1/2

[Event "SLO-ch U14"]
[Site "Murska Sobota"]
[Date "2006.03.01"]
[Round "6"]
[White "Mrvar, Timotej"]
[Black "Aleksandrov, Matej"]
[Result "0-1"]
[WhiteElo "1500"]
[BlackElo "1928"]
[PlyCount "75"]
[EventDate "2006.02.26"]
[EventType "swiss"]
[EventRounds "9"]
[EventCountry "SLO"]
[SourceTitle "EXT 2009"]
[Source "ChessBase"]
[SourceDate "2008.11.26"]
[SourceVersion "1"]
[SourceVersionDate "2008.11.26"]
[SourceQuality "1"]

1. c4 Nf6 2. Nc3 c6 3. Nf3 d5 4. d4 Bf5 5. cxd5 cxd5 6. Bg5 e6 7. e3 Be7 8. Bd3 Bxd3 9. Qxd3 0-0 10. 0-0 Nc6 11. a3 Qb6 12. b4 Rfc8 13. Rfc1 Nd7 14. Bxe7 Nxe7 15. Na4 Qd8 16. Nc5 Nxc5 17. Rxc5 b6 18. Rcc1 Rc7 19. Qd2 Rac8 20. Rxc7 Qxc7 21. g3 f6 22. Ne1 Qc4 23. Nd3 Qb3 24. Rc1 Rxc1+ 25. Nxc1 Qxa3 26. Kg2 Qa4 27. Nd3 Qb3 28. Nc1 Qc4 29. Nd3 Nc6 30. h4 h6 31. f4 Qb3 32. Kf3 a5 33. bxa5 Nxa5 34. Nc5 bxc5 35. Qxa5 cxd4 36. Qd2 Qxe3+ 37. Qxe3 dxe3 38. Kxe3 0-1

[Event "SLO-ch U14"]
[Site "Murska Sobota"]
[Date "2006.02.27"]
[Round "2"]
[White "Pipan, Tim"]
[Black "Aleksandrov, Matej"]
[Result "0-1"]
[WhiteElo "1615"]
[BlackElo "1928"]
[PlyCount "92"]
[EventDate "2006.02.26"]
[EventType "swiss"]
[EventRounds "9"]
[EventCountry "SLO"]
[SourceTitle "EXT 2009"]
[Source "ChessBase"]
[SourceDate "2008.11.26"]
[SourceVersion "1"]
[SourceVersionDate "2008.11.26"]
[SourceQuality "1"]

1. e4 d5 2. exd5 Nf6 3. Bb5+ Bd7 4. Bc4 Bg4 5. f3 Bf5 6. Nc3 Nbd7 7. Bb5 a6 8. Ba4 b5 9. Bb3 Nb6 10. Nge2 Nbxd5 11. Nxd5 Nxd5 12. Ng3 Bg6 13. d3 e6 14. a4 c6 15. 0-0 Be7 16. Ne4 0-0 17. Qe1 Qb6+ 18. Kh1 Rfe8 19. axb5 axb5 20. Rxa8 Rxa8 21. Bxd5 cxd5 22. Ng3 Bf6 23. b3 Ra2 24. Qd2 Qc5 25. Rf2 Bc3 26. Qe2 Bd4 27. Rf1 Rxc2 28. Qd1 Bxd3 29. Qxd3 Rxc1 30. Rxc1 Qxc1+ 31. Qf1 Qxf1+ 32. Nxf1 f5 33. g3 Kf7 34. f4 Kf6 35. Kg2 e5 36. Kf3 e4+ 37. Ke2 Ke6 38. Kd2 b4 39. Ne3 Bxe3+ 40. Kxe3 Kd6 41. Kd4 h5 42. h3 g6 43. h4 Kc6 44. Ke3 Kc5 45. Kd2 Kd4 46. Kc2 Ke3 0-1

[Event "EU-ch U18"]
[Site "Herceg Novi"]
[Date "2005.09.23"]
[Round "9"]
[White "Epure, Catalin Alexandru"]
[Black "Aleksandrov, Matej"]
[Result "1/2-1/2"]
[WhiteElo "2131"]
[BlackElo "1949"]
[PlyCount "54"]
[EventDate "2005.09.14"]
[EventType "swiss"]
[EventRounds "9"]
[EventCountry "YUG"]
[SourceTitle "CBM 108 Extra"]
[Source "ChessBase"]
[SourceDate "2005.11.04"]
[SourceVersion "1"]
[SourceVersionDate "2005.11.04"]
[SourceQuality "1"]

1. e4 c5 2. Nf3 d6 3. d4 cxd4 4. Nxd4 Nf6 5. Nc3 Nc6 6. Rg1 e5 7. Nb3 Be6 8. g4 d5 9. exd5 Nxd5 10. Nxd5 Qxd5 11. Be3 0-0-0 12. Qxd5 Bxd5 13. 0-0-0 Be7 14. Be2 g5 15. c3 Kb8 16. Kb1 Rhg8 17. Nd2 Rg6 18. c4 Be6 19. Nf3 f5 20. Rxd8+ Bxd8 21. gxf5 Bxf5+ 22. Kc1 h6 23. Rd1 Be7 24. a3 Rd6 25. Rd5 Be4 26. Rxd6 Bxd6 27. Nd2 Bf5 1/2-1/2

[Event "EU-ch U18"]
[Site "Herceg Novi"]
[Date "2005.09.17"]
[Round "4"]
[White "Aleksandrov, Matej"]
[Black "Fossati, Remigio"]
[Result "0-1"]
[WhiteElo "1949"]
[BlackElo "2133"]
[PlyCount "84"]
[EventDate "2005.09.14"]
[EventType "swiss"]
[EventRounds "9"]
[EventCountry "YUG"]
[SourceTitle "CBM 108 Extra"]
[Source "ChessBase"]
[SourceDate "2005.11.04"]
[SourceVersion "1"]
[SourceVersionDate "2005.11.04"]
[SourceQuality "1"]

1. e4 c5 2. Nf3 Nc6 3. d3 g6 4. g3 Bg7 5. Bg2 d6 6. 0-0 e5 7. Nc3 Nge7 8. Be3 0-0 9. h4 f5 10. Qd2 b6 11. Ng5 Rb8 12. a4 Nd4 13. Nd5 h6 14. Bxd4 cxd4 15. Nxe7+ Qxe7 16. Nf3 Bb7 17. Nh2 Rbc8 18. a5 b5 19. a6 Bc6 20. exf5 gxf5 21. Bxc6 Rxc6 22. Qb4 Rfc8 23. Rfc1 h5 24. Qxb5 Bh6 25. Qd5+ Qf7 26. Qxf7+ Kxf7 27. f4 Rxc2 28. Rxc2 Rxc2 29. fxe5 dxe5 30. Nf3 e4 31. dxe4 fxe4 32. Ne1 Rxb2 33. Rd1 Ke6 34. Kh1 Ke5 35. Ra1 Bd2 36. Rd1 Bxe1 37. Rxe1 d3 38. Kg1 Kd4 39. Kf1 e3 40. Ra1 Rf2+ 41. Kg1 d2 42. Ra4+ Kd3 0-1

[Event "SLO-ch U14"]
[Site "Sentjur"]
[Date "2005.02.28"]
[Round "3"]
[White "Aleksandrov, Matej"]
[Black "Hasanagic, Anel"]
[Result "0-1"]
[WhiteElo "1700"]
[BlackElo "1860"]
[PlyCount "78"]
[EventDate "2005.02.26"]
[EventType "tourn"]
[EventRounds "9"]
[EventCountry "SLO"]
[SourceTitle "CBM 105 Extra"]
[Source "ChessBase"]
[SourceDate "2005.05.01"]
[SourceVersion "1"]
[SourceVersionDate "2005.05.01"]
[SourceQuality "1"]

1. e4 c6 2. d4 d5 3. exd5 cxd5 4. c4 Nf6 5. Nc3 g6 6. Qb3 Bg7 7. cxd5 0-0 8. Nge2 Nbd7 9. g3 Nb6 10. Bg2 Bf5 11. 0-0 Bd3 12. d6 Qxd6 13. Bxb7 Rab8 14. Bf4 Qd7 15. Bxb8 Qxb7 16. Be5 h5 17. Rfe1 g5 18. Rad1 Bf5 19. d5 Bh3 20. Qb5 Nfxd5 21. Nxd5 Bxe5 22. Ne3 f6 23. f4 gxf4 24. gxf4 Qf3 25. Rf1 Bxf1 26. Nxf1 Bxf4 27. Nxf4 Qxd1 28. Nxh5 Qd4+ 29. Kg2 Qd5+ 30. Qxd5+ Nxd5 31. Kf3 Rb8 32. Ke4 e6 33. b3 Kf7 34. Kd4 Nb4 35. Ne3 Nxa2 36. Kc4 Rh8 37. Ng3 Rxh2 38. Ne4 Rh4 39. Kd3 Nb4+ 0-1

[Event "SLO-ch U14"]
[Site "Sentjur"]
[Date "2005.02.27"]
[Round "2"]
[White "Vrban, Rok"]
[Black "Aleksandrov, Matej"]
[Result "1-0"]
[WhiteElo "1599"]
[BlackElo "1700"]
[PlyCount "129"]
[EventDate "2005.02.26"]
[EventType "tourn"]
[EventRounds "9"]
[EventCountry "SLO"]
[SourceTitle "CBM 105 Extra"]
[Source "ChessBase"]
[SourceDate "2005.05.01"]
[SourceVersion "1"]
[SourceVersionDate "2005.05.01"]
[SourceQuality "1"]

1. e4 c6 2. d4 d5 3. Nc3 dxe4 4. Nxe4 Bf5 5. Ng3 Bg6 6. h4 h6 7. Nf3 Nd7 8. Bd3 Bxd3 9. Qxd3 Qc7 10. Bd2 e6 11. 0-0-0 Ngf6 12. Rhe1 Bd6 13. Nf5 0-0-0 14. Nxd6+ Qxd6 15. Qb3 Ng4 16. Be3 Ndf6 17. Nd2 Rhe8 18. Nc4 Qd5 19. f3 Nxe3 20. Rxe3 Nd7 21. Qb4 Nb8 22. Re5 Na6 23. Qc3 Qd7 24. b4 f6 25. Ra5 Qc7 26. a4 Rd5 27. b5 cxb5 28. axb5 Nb8 29. Rxa7 Kd7 30. Qb3 Rc8 31. Na5 Qf4+ 32. Kb1 Rxd4 33. Rxb7+ Kd8 34. Rxd4+ Qxd4 35. Qd3 Qxd3 36. cxd3 Nd7 37. Nc6+ Ke8 38. Kb2 g5 39. Na5 gxh4 40. Nc4 Rb8 41. Rxb8+ Nxb8 42. Ne3 Ke7 43. Kc3 f5 44. Kd4 Nd7 45. Nc4 h5 46. Ne5 Nb6 47. Ng6+ Kf6 48. Ne5 Ke7 49. Kc5 Na4+ 50. Kc6 h3 51. gxh3 Kf6 52. f4 Ke7 53. b6 Nxb6 54. Kxb6 Kd6 55. Kb5 Kd5 56. Kb4 Kd4 57. h4 Ke3 58. Ng6 Kd4 59. Kb5 Kd5 60. d4 Kxd4 61. Kc6 e5 62. Nxe5 Ke4 63. Ng6 Kf3 64. Kd5 Kg3 65. Ke5 1-0